LEADER 00876nam a2200193 i 4500 001 000000198730 003 CaOOAMICUS 005 20110309000000.0 008 110309n it u000 u ita u 013 $a177420 040 $aSeMil$bita 245 10$aCostituzioni dell'Istituto della B. V. Maria detto delle Dame o Vergini Inglesi :$bparte prima e seconda. 260 $aMilano :$bBertarelli & C.,$c199[?] 300 $a203 p. ;$c20 cm. 650 4$aIstituto della Beata Vergine Maria .$0(OLS)http://semarc/subject/34788 850 $aSeMil 852 $aSeMil$W1$xVenegono$y1$m3F II 1064$j240680$B149286$CSeMilBibl$Z2$F160650 $81 996 $6245$aCostituzioni dell'Istituto della B. V. Maria detto delle Dame o Vergini Inglesi :$bparte prima e seconda$9(OLS)http://semarc/title/287239 996 $6260$aMilano :$bBertarelli & C.$9(OLS)http://semarc/publisher/41456 LEADER 00614nam a2200181 i 4500 001 000000216228 003 CaOOAMICUS 005 20121009000000.0 008 121009s1668 xx u000 u fre u 013 $a195109 026 $auey. s.nt s.e, veDi (3) 1678 (R) 040 $aSeMil$bita 245 10$a5. 300 $a443, [39] p. 773 0 $tClef de St Thomas sur toute sa Somme par le Sr. de Marande ..$dA Paris : Chez Florentin Lambert, 1668-1669.$g5$w()27469 850 $aSeMil 852 $aSeMil$W1$xVenegono$y1$m2C I 5 FA$j166647$B166647$CSeMilBibl$Z2$F177514 $8I 996 $6245$a5$9(OLS)http://semarc/title/57540 LEADER 00573nam a2200169 i 4500 001 000000216229 003 CaOOAMICUS 005 20121009000000.0 008 121009s1668 xx u000 u fre u 013 $a195110 040 $aSeMil$bita 245 10$a6. 300 $aP. 645-1354, [44] p. 773 0 $tClef de St Thomas sur toute sa Somme par le Sr. de Marande ..$dA Paris : Chez Florentin Lambert, 1668-1669.$g6$w()27469 850 $aSeMil 852 $aSeMil$W1$xVenegono$y1$m2C I 6 FA$j166648$B166648$CSeMilBibl$Z2$F177515 $8I 996 $6245$a6$9(OLS)http://semarc/title/51996